[Event "Kaluga Tsiolkovsky Memorial op"]
[Site "Kaluga"]
[Date "2013.08.09"]
[Round "7"]
[White "Moiseev, Nikolai V"]
[Black "Lysenko, Olga"]
[Result "0-1"]
[WhiteElo "1995"]
[BlackElo "1858"]
[PlyCount "76"]
[EventDate "2013.08.03"]
[EventType "swiss"]
[EventRounds "9"]
[EventCountry "RUS"]
[SourceTitle "CBM 156 Extra"]
[Source "ChessBase"]
[SourceDate "2013.10.22"]
[SourceVersion "1"]
[SourceVersionDate "2013.10.22"]
[SourceQuality "1"]

1. e4 c5 2. Nf3 e6 3. d4 cxd4 4. Nxd4 Nc6 5. Nc3 Qc7 6. Be2 a6 7. 0-0 Nf6 8. Kh1 Be7 9. f4 d6 10. Be3 0-0 11. Qe1 Bd7 12. Qg3 Nxd4 13. Bxd4 Bc6 14. Rae1 b5 15. Bf3 Ne8 16. Nd1 b4 17. c3 a5 18. Rf2 Qb7 19. e5 Bxf3 20. Rxf3 dxe5 21. fxe5 g6 22. Be3 Ng7 23. Bh6 Rad8 24. Rf2 Rd7 25. Ne3 Rfd8 26. Bxg7 Kxg7 27. Qf4 Bf8 28. Ng4 Kh8 29. Nf6 Rd1 30. Ref1 Rxf1+ 31. Rxf1 Bg7 32. Qh4 h6 33. Ne4 Rd5 34. Nd6 Qd7 35. c4 Rd3 36. Nxf7+ Qxf7 37. Qe1 Qd7 38. b3 Qd4 0-1

[Event "Kaluga Tsiolkovsky Memorial op"]
[Site "Kaluga"]
[Date "2013.08.05"]
[Round "3"]
[White "Moiseev, Nikolai V"]
[Black "Baroyan, Karen"]
[Result "0-1"]
[WhiteElo "1995"]
[BlackElo "1792"]
[PlyCount "76"]
[EventDate "2013.08.03"]
[EventType "swiss"]
[EventRounds "9"]
[EventCountry "RUS"]
[SourceTitle "CBM 156 Extra"]
[Source "ChessBase"]
[SourceDate "2013.10.22"]
[SourceVersion "1"]
[SourceVersionDate "2013.10.22"]
[SourceQuality "1"]

1. e4 c6 2. d4 d5 3. Nc3 dxe4 4. Nxe4 Nd7 5. Bc4 Ngf6 6. Ng5 e6 7. Qe2 Nb6 8. Bd3 h6 9. N5f3 c5 10. dxc5 Bxc5 11. Ne5 0-0 12. Bd2 Nbd5 13. 0-0-0 Qb6 14. Nh3 Nb4 15. Bxb4 Bxb4 16. g4 Qa5 17. Kb1 Nd5 18. Nc4 Qc5 19. c3 Bxc3 20. Bc2 Qb4 21. Rxd5 exd5 22. Qd3 g6 23. Qxc3 Qxc3 24. bxc3 dxc4 25. f3 Bd7 26. Be4 Rac8 27. Nf2 Bc6 28. Re1 Bxe4+ 29. Nxe4 Rfd8 30. Kc2 Rc6 31. h4 Re6 32. g5 h5 33. Rb1 b6 34. a4 Rd3 35. Rf1 Kg7 36. Rf2 Kg8 37. Rf1 Rxf3 38. Nf6+ Rexf6 0-1

[Event "Bryansk CC Desna Cup"]
[Site "Bryansk"]
[Date "2008.05.06"]
[Round "13"]
[White "Moiseev, Nikolai V"]
[Black "Mytarev, Oleg V"]
[Result "1-0"]
[WhiteElo "1981"]
[BlackElo "1981"]
[PlyCount "41"]
[EventDate "2008.04.26"]
[EventType "tourn"]
[EventRounds "12"]
[EventCountry "RUS"]
[SourceTitle "EXT 2022"]
[Source "ChessBase"]
[SourceDate "2021.10.06"]
[SourceVersion "1"]
[SourceVersionDate "2021.10.06"]
[SourceQuality "1"]

1. e4 e6 2. d4 d5 3. Nc3 Nf6 4. e5 Nfd7 5. f4 c5 6. Nf3 Nc6 7. Be3 Qb6 8. Na4 Qa5+ 9. c3 cxd4 10. b4 Nxb4 11. cxb4 Bxb4+ 12. Bd2 Bxd2+ 13. Nxd2 b6 14. Bd3 Ba6 15. Nb2 Bxd3 16. Nxd3 Nc5 17. Nf2 0-0 18. 0-0 Qa3 19. f5 exf5 20. Nf3 d3 21. Nd4 1-0

[Event "Bryansk CC Desna Cup"]
[Site "Bryansk"]
[Date "2008.05.04"]
[Round "10"]
[White "Moiseev, Nikolai V"]
[Black "Vershinin, Andrey A"]
[Result "1/2-1/2"]
[WhiteElo "1995"]
[BlackElo "1879"]
[PlyCount "37"]
[EventDate "2008.04.26"]
[EventType "tourn"]
[EventRounds "12"]
[EventCountry "RUS"]
[SourceTitle "EXT 2022"]
[Source "ChessBase"]
[SourceDate "2021.10.06"]
[SourceVersion "1"]
[SourceVersionDate "2021.10.06"]
[SourceQuality "1"]

1. e4 e5 2. Nf3 Nc6 3. d4 exd4 4. Nxd4 Nf6 5. Nxc6 bxc6 6. e5 Qe7 7. Qe2 Nd5 8. c4 Ba6 9. Nd2 g6 10. Qe4 Nb6 11. Be2 Bg7 12. f4 0-0 13. 0-0 Rae8 14. Nf3 f6 15. b3 fxe5 16. fxe5 Bxe5 17. Nxe5 Rxf1+ 18. Bxf1 Qc5+ 19. Qe3 1/2-1/2

[Event "Bryansk CC Desna Cup"]
[Site "Bryansk"]
[Date "2008.05.01"]
[Round "6"]
[White "Mytarev, Oleg V"]
[Black "Moiseev, Nikolai V"]
[Result "1-0"]
[WhiteElo "1981"]
[BlackElo "1995"]
[PlyCount "115"]
[EventDate "2008.04.26"]
[EventType "tourn"]
[EventRounds "12"]
[EventCountry "RUS"]
[SourceTitle "EXT 2022"]
[Source "ChessBase"]
[SourceDate "2021.10.06"]
[SourceVersion "1"]
[SourceVersionDate "2021.10.06"]
[SourceQuality "1"]

1. d4 g6 2. c4 Bg7 3. Nc3 Nf6 4. e4 d6 5. Nf3 0-0 6. Be2 e5 7. 0-0 Nc6 8. d5 Ne7 9. Ne1 Nd7 10. Nd3 f5 11. f3 Nf6 12. Be3 f4 13. Bf2 g5 14. c5 Bd7 15. cxd6 cxd6 16. a4 a6 17. a5 Nc8 18. Na4 g4 19. Nb6 Nxb6 20. Bxb6 Qe7 21. Qe1 Rac8 22. Nb4 gxf3 23. gxf3 Bh3 24. Rf2 Nd7 25. Bf1 Bxf1 26. Rxf1 Nxb6 27. axb6 Qd8 28. Qf2 Rc5 29. Kh1 Qxb6 30. Nd3 Rb5 31. Qxb6 Rxb6 32. b4 Rc8 33. Rfc1 Rxc1+ 34. Rxc1 Rb5 35. Rc7 a5 36. bxa5 Rb3 37. Nf2 Rxf3 38. Kg2 Rb3 39. Rd7 Rb5 40. Kf3 Rxa5 41. Rxb7 Ra3+ 42. Kg2 Bf6 43. Rd7 Ra6 44. Kf3 h5 45. Kg2 Bh4 46. Nh1 Ra1 47. Rxd6 f3+ 48. Kxf3 Rxh1 49. Re6 Rxh2 50. Rxe5 Rh3+ 51. Ke2 Bf6 52. Rf5 Bd4 53. d6 Re3+ 54. Kd2 Rxe4 55. Kd3 Re5 56. d7 Rxf5 57. d8Q+ Kg7 58. Qxd4+ 1-0